WWE Royal Rumble 2004 Entrants Quiz - Statistics

General Stats
  • This quiz has been taken 818 times
  • The average score is 20 of 30
Answer Stats
EN Answer EL % Correct
1 Chris Benoit W
94%
2 Randy Orton 17
92%
12 Kane 6
91%
24 Big Show 28
90%
28 John Cena 24
90%
19 Kurt Angle 27
85%
25 Chris Jericho 26
79%
22 Christian 19
77%
29 Rob Van Dam 25
77%
30 Bill Goldberg 23
76%
11 Booker T 12
76%
21 Mick Foley 18
74%
3 Mark Henry 3
71%
17 Shelton Benjamin 14
71%
7 Matt Hardy 8
70%
5 Bradshaw 1
65%
13 Spike Dudley DNE
65%
14 Rikishi 11
63%
26 Charlie Haas 20
60%
16 A-Train 13
56%
4 Tajiri 2
54%
27 Billy Gunn 21
52%
8 Scott Steiner 5
52%
6 Rhyno 7
51%
10 The Hurricane 4
51%
23 Nunzio 22
47%
15 Rene Dupree 9
47%
9 Matt Morgan 10
45%
18 Ernest Miller 15
41%
20 Rico 16
39%
No matching quizzes found
Score Distribution
Percent of People with Each Score
Percentile by Number Answered
Your Score History
You have not taken this quiz